000 00498nam a22001697a 4500
005 20251108174829.0
008 250721s2008 xx 000 0 ara d
082 1 4 _a133/يسر
100 1 _aيسرى، ماهر
245 1 0 _aالباراسيكولوجي القوى الروحية /
264 1 _aالجيزة :
_bدار مشارق،
_c2008.
300 _a236ص.
650 1 7 _aعلم النفس
650 1 7 _aالادراك خارج نطاق الحس
942 _2ddc
_cBK
999 _c119177
_d119177